书目信息 |
| 题名: |
常微分方程与动力系统
|
|
| 作者: | 泰休 著 ;金成桴 译 | |
| 分册: | ||
| 出版信息: | 北京 机械工业出版社 2011.05 |
|
| 页数: | 249页 | |
| 开本: | 24cm | |
| 丛书名: | ||
| 单 册: | ||
| 中图分类: | O175 , O19 | |
| 科图分类: | ||
| 主题词: | 常微分方程--chang wei fen fang cheng , 动力系统 (数学)--dong li xi tong ( shu xue ) | |
| 电子资源: | ||
| ISBN: | 978-7-111-33305-0 | |
| 000 | 01039nam0 2200289 450 | |
| 001 | 1161460054 | |
| 005 | 20111110170507.53 | |
| 010 | @a978-7-111-33305-0@dCNY29.00@z7-111-33305-5 | |
| 100 | @a20110704d2011 em y0chiy50 ea | |
| 101 | 1 | @achi@cger |
| 102 | @aCN@b110000 | |
| 105 | @aak a 001yy | |
| 200 | 1 | @a常微分方程与动力系统@Achang wei fen fang cheng yu dong li xi tong@f(奥地利) 盖拉德·泰休著@g金成桴译 |
| 210 | @a北京@c机械工业出版社@d2011.05 | |
| 215 | @a249页@c图@d24cm | |
| 312 | @a英文题名取自封面 | |
| 320 | @a有书目 (第241-242页) 和索引 | |
| 330 | @a本书内容分为古典理论、动力系统、混沌三部分, 强调用动力系统观点对常微分方程领域给出“封闭”式介绍。 | |
| 510 | 1 | @aOrdinary dierential equations and dynamical systems@zeng |
| 606 | 0 | @a常微分方程@Achang wei fen fang cheng |
| 606 | 0 | @a动力系统 (数学)@Adong li xi tong ( shu xue ) |
| 690 | @aO175@v4 | |
| 690 | @aO19@v4 | |
| 701 | 1 | @a泰休@Atai xiu@g(Teschl, G.)@4著 |
| 702 | 0 | @a金成桴@Ajin cheng fu@4译 |
| 801 | 0 | @aCN@c20110704 |
| 905 | @dO175@eT083 | |
| 常微分方程与动力系统/(奥地利) 盖拉德·泰休著/金成桴译.-北京:机械工业出版社,2011.05 |
| 249页:图;24cm |
| ISBN 978-7-111-33305-0:CNY29.00 |
| 本书内容分为古典理论、动力系统、混沌三部分, 强调用动力系统观点对常微分方程领域给出“封闭”式介绍。 |
| ● |
| 相关链接 |
|
|
|
正题名:常微分方程与动力系统
索取号:O175/T083
 
预约/预借
| 序号 | 登录号 | 条形码 | 馆藏地/架位号 | 状态 | 备注 |
| 1 | 1221093 | 212210935 | 自科库401/401自科库 45排2列2层/ [索取号:O175/T083] | 在馆 | |
| 2 | 1221094 | 212210944 | 自科库401/401自科库 45排2列2层/ [索取号:O175/T083] | 在馆 | |
| 3 | 1221095 | 212210953 | 自科库401/401自科库 45排2列2层/ [索取号:O175/T083] | 在馆 |